<?xml version="1.0" encoding="UTF-8"?>
<record
    xmlns:xsi="http://www.w3.org/2001/XMLSchema-instance"
    xsi:schemaLocation="http://www.loc.gov/MARC21/slim http://www.loc.gov/standards/marcxml/schema/MARC21slim.xsd"
    xmlns="http://www.loc.gov/MARC21/slim">

  <leader>01914nas a2200277Ia 4500</leader>
  <controlfield tag="001">R050-S1591</controlfield>
  <controlfield tag="003">IT-CnALBA</controlfield>
  <controlfield tag="008">170116c99999999xx ||||||||||||   ||und||</controlfield>
  <datafield tag="040" ind1=" " ind2=" ">
    <subfield code="a">IT-CnALBA</subfield>
    <subfield code="c">IT-CnALBA</subfield>
  </datafield>
  <datafield tag="041" ind1=" " ind2=" ">
    <subfield code="a">ITALIANO</subfield>
  </datafield>
  <datafield tag="100" ind1=" " ind2=" ">
    <subfield code="a">PIO XII, PAPA PACELLI EUGENIO.</subfield>
  </datafield>
  <datafield tag="210" ind1=" " ind2=" ">
    <subfield code="a">LA CIVILT&#xC0; CATTOLICA</subfield>
  </datafield>
  <datafield tag="222" ind1=" " ind2=" ">
    <subfield code="a">LA CIVILT&#xC0; CATTOLICA</subfield>
  </datafield>
  <datafield tag="245" ind1=" " ind2="0">
    <subfield code="a">LA CIVILT&#xC0; CATTOLICA. ANNO XC. VOL. III. 1939. </subfield>
    <subfield code="b">RIVISTA CULTURALE</subfield>
  </datafield>
  <datafield tag="250" ind1=" " ind2=" ">
    <subfield code="a">1a ed.</subfield>
  </datafield>
  <datafield tag="260" ind1=" " ind2=" ">
    <subfield code="a"> ROMA</subfield>
    <subfield code="b">LA CIVILT&#xC0; CATTOLICA EDIZIONI </subfield>
    <subfield code="c">1939 [1&#xB0; Ed.:1939 - Ed.Ling.Originale: 1939]</subfield>
  </datafield>
  <datafield tag="300" ind1=" " ind2=" ">
    <subfield code="a">580 p. </subfield>
  </datafield>
  <datafield tag="310" ind1=" " ind2=" ">
    <subfield code="a">QUINDICINALE</subfield>
  </datafield>
  <datafield tag="362" ind1=" " ind2=" ">
    <subfield code="a">Fascicolo: 3 / Anno: 90 (1939)</subfield>
  </datafield>
  <datafield tag="500" ind1=" " ind2=" ">
    <subfield code="a">CONIUGI E PROMOTORE DI GIUSTIZIA. NELLE CAUSE MATRIMONIALI. LA CIVILT&#xC0; E LE MODERNE INVOLUZIONI. DOCUMENTI E RICORDI SULLA GRANDE GUERRA. COGNIZIONE RAZIONALE DI DIO NECESSARIA ALLA SALVEZZA. L'ATTO INDISCENSABILE DI FEDE. SCIENZE DEL DIRITTO E DIRITTO NATURALE. LA CURIA DEL SENATO ROMANO. IL SACERDOTE CATTOLICO MAESTRO DI VERIT&#xC0;. APOSTOLO DI SANTIT&#xC0;. POESIA DI A. ANILLE. LA SOTTOMISSIONE DELL'AZIONE FRANCESE. LA PACE ARMATA E LA TREGUA DI DIO. RASSEGNA PROBLEMI SOCIALI. MESSAGGIO DEL SANTO PADRE PER LA PACE. </subfield>
  </datafield>
  <datafield tag="501" ind1=" " ind2=" ">
    <subfield code="a">Societ&#xE0; San Paolo EM - Piazza San Paolo, 14 - 12051 ALBA (CN)  (non commercial uses only) &#xAE; Copyright 2017</subfield>
  </datafield>
  <datafield tag="520" ind1=" " ind2=" ">
    <subfield code="a">CONIUGI E PROMOTORE DI GIUSTIZIA. NELLE CAUSE MATRIMONIALI. LA CIVILT&#xC0; E LE MODERNE INVOLUZIONI. DOCUMENTI E RICORDI SULLA GRANDE GUERRA. COGNIZIONE RAZIONALE DI DIO NECESSARIA ALLA SALVEZZA. L'ATTO INDISCENSABILE DI FEDE. SCIENZE DEL DIRITTO E DIRITTO NATURALE. LA CURIA DEL SENATO ROMANO. IL SACERDOTE CATTOLICO MAESTRO DI VERIT&#xC0;. APOSTOLO DI SANTIT&#xC0;. POESIA DI A. ANILLE. LA SOTTOMISSIONE DELL'AZIONE FRANCESE. LA PACE ARMATA E LA TREGUA DI DIO. RASSEGNA PROBLEMI SOCIALI. MESSAGGIO DEL SANTO PADRE PER LA PACE. </subfield>
  </datafield>
  <datafield tag="650" ind1=" " ind2=" ">
    <subfield code="a">RIVISTA CULTURALE</subfield>
  </datafield>
  <datafield tag="942" ind1=" " ind2=" ">
    <subfield code="c">CR</subfield>
  </datafield>
  <datafield tag="957" ind1=" " ind2=" ">
    <subfield code="7">1</subfield>
  </datafield>
  <datafield tag="999" ind1=" " ind2=" ">
    <subfield code="a">63490</subfield>
    <subfield code="b">SI </subfield>
    <subfield code="g">1</subfield>
    <subfield code="c">330190</subfield>
    <subfield code="d">330190</subfield>
  </datafield>
  <datafield tag="952" ind1=" " ind2=" ">
    <subfield code="0">0</subfield>
    <subfield code="1">0</subfield>
    <subfield code="4">0</subfield>
    <subfield code="6">R_050S1591</subfield>
    <subfield code="7">1</subfield>
    <subfield code="a">ALBA</subfield>
    <subfield code="b">ALBA</subfield>
    <subfield code="d">2017-01-16</subfield>
    <subfield code="l">0</subfield>
    <subfield code="o">R050-S1591</subfield>
    <subfield code="r">2017-01-16 00:00:00</subfield>
    <subfield code="w">2017-01-16</subfield>
    <subfield code="y">CR</subfield>
    <subfield code="z">(data import: 16 gennaio 2017) - By Epidotti, Vaglietti. </subfield>
  </datafield>
</record>
